00756nam a22002297a 450000500170000001000130001702000100003003500130004003700160005304000120006908200110008110000250009224500470011726000360016427000500020030000250025065000640027565000300033994200200036999900190038995201180040820170124110125.0 aA-997893 c00.00 aA-997893 bCen Lib/Ret aDPLbEN aNbGUR aGurung, D. B.931385 aEchoes of the Himalayas /cby D. B. Gurung aNew DelhibUBS Publishersc2000 bNew Delhia5, Ansari Road, Darya Ganje110002 axii,201p. c22cm(Hb) aNepal -- Politics and government -- 1990- -- Fiction931386 aGurkhas -- Fiction931387 2ddccENhNmGUR c131288d131288 00104070aLbLd2015-07-14eCen Lib/Retg0.00l0oN GURpA-997893r2015-07-14 00:00:00t1v0.00w2015-07-14yEN